[Event "Collado Villalba op-A 32nd"]
[Site "Collado Villalba"]
[Date "2015.08.29"]
[Round "8"]
[White "Palenciano Escolar, Adrian"]
[Black "Sanz Castillo, Santiago"]
[Result "1/2-1/2"]
[WhiteElo "2120"]
[BlackElo "2197"]
[PlyCount "137"]
[EventDate "2015.08.22"]
[EventType "swiss"]
[EventRounds "9"]
[EventCountry "ESP"]
[SourceTitle "EXT 2016"]
[Source "ChessBase"]
[SourceDate "2015.10.08"]
[SourceVersion "1"]
[SourceVersionDate "2015.10.08"]
[SourceQuality "1"]

1. e4 e6 2. d4 d5 3. Nd2 Nf6 4. e5 Nfd7 5. Bd3 c5 6. c3 Nc6 7. Ne2 cxd4 8. cxd4 f6 9. exf6 Qxf6 10. Nf3 e5 11. dxe5 Bb4+ 12. Bd2 Bxd2+ 13. Qxd2 Ndxe5 14. Nxe5 Qxe5 15. 0-0 0-0 16. Rae1 Qf6 17. Bc2 Be6 18. b4 a6 19. a4 Kh8 20. b5 axb5 21. axb5 Ne5 22. Nd4 Nc4 23. Qd3 Bg8 24. Ne6 Rfe8 25. Nc7 Rxe1 26. Rxe1 Rf8 27. Qg3 Nd6 28. Rd1 Qe7 29. b6 Nc4 30. Bb3 Nxb6 31. h3 Rd8 32. Nb5 Nc4 33. Nd4 Nd6 34. Qe3 Qxe3 35. fxe3 Rc8 36. Ne2 Nc4 37. Rd3 g6 38. Nf4 Rc5 39. Rd4 Nxe3 40. Kf2 Nc4 41. Bd1 b5 42. Nd3 Rc8 43. Bf3 Nd2 44. Bxd5 Rd8 45. Nb4 Bxd5 46. Rxd5 Rxd5 47. Nxd5 Nc4 48. Ke2 Kg7 49. Kd3 Kf7 50. Kd4 Na3 51. Kc3 Ke6 52. Nc7+ Kd6 53. Ne8+ Kc5 54. Nf6 b4+ 55. Kb3 h5 56. Nd7+ Kb5 57. Ne5 g5 58. Nd3 Nc4 59. Nxb4 Ne3 60. g3 Nf5 61. g4 hxg4 62. hxg4 Ne3 63. Na2 Kc5 64. Kc3 Nxg4 65. Kd3 Kd5 66. Nc3+ Ke6 67. Ne4 Ne5+ 68. Ke3 g4 69. Kf4 1/2-1/2

[Event "Collado Villalba op-A 32nd"]
[Site "Collado Villalba"]
[Date "2015.08.25"]
[Round "4"]
[White "Eizaguerri Floris, Maria"]
[Black "Sanz Castillo, Santiago"]
[Result "0-1"]
[WhiteElo "1822"]
[BlackElo "2197"]
[PlyCount "94"]
[EventDate "2015.08.22"]
[EventType "swiss"]
[EventRounds "9"]
[EventCountry "ESP"]
[SourceTitle "EXT 2016"]
[Source "ChessBase"]
[SourceDate "2015.10.08"]
[SourceVersion "1"]
[SourceVersionDate "2015.10.08"]
[SourceQuality "1"]

1. e4 e6 2. d4 d5 3. e5 c5 4. Nf3 cxd4 5. Bd3 Nc6 6. 0-0 Qc7 7. Re1 g6 8. c3 Bg7 9. cxd4 a6 10. Bf4 h6 11. h3 Nge7 12. Qd2 g5 13. Bg3 b5 14. Nc3 Bd7 15. Rac1 Qb6 16. Bb1 Rc8 17. Ne2 Nf5 18. Bxf5 exf5 19. Rc5 Be6 20. Rec1 Bf8 21. R5c3 Kd7 22. Qd3 Bb4 23. R3c2 Be7 24. a3 b4 25. Nd2 f4 26. Bh2 Na5 27. Rxc8 Rxc8 28. Rxc8 Kxc8 29. Qc2+ Kb7 30. a4 Qc6 31. Qxc6+ Kxc6 32. b3 Bf5 33. f3 f6 34. Kf1 Bc2 35. Nc1 Kd7 36. exf6 Bxf6 37. Bg1 Nc6 38. Ne2 Bd3 39. Ke1 Bxe2 40. Kxe2 Bxd4 41. Bh2 Be3 42. Nf1 d4 43. Nxe3 dxe3 44. Kd3 Ke6 45. g3 Ke5 46. gxf4+ gxf4 47. Bg1 Nd4 0-1

[Event "Collado Villalba op-A 32nd"]
[Site "Collado Villalba"]
[Date "2015.08.24"]
[Round "3"]
[White "Sanz Castillo, Santiago"]
[Black "Cao Armillas, Jesus"]
[Result "1/2-1/2"]
[WhiteElo "2197"]
[BlackElo "2090"]
[PlyCount "35"]
[EventDate "2015.08.22"]
[EventType "swiss"]
[EventRounds "9"]
[EventCountry "ESP"]
[SourceTitle "EXT 2016"]
[Source "ChessBase"]
[SourceDate "2015.10.08"]
[SourceVersion "1"]
[SourceVersionDate "2015.10.08"]
[SourceQuality "1"]

1. e4 c5 2. c3 d5 3. exd5 Qxd5 4. d4 Nf6 5. Nf3 e6 6. Be2 Nc6 7. 0-0 cxd4 8. cxd4 Bb4 9. a3 Ba5 10. b4 Bb6 11. Nc3 Qd6 12. Bg5 0-0 13. Bxf6 gxf6 14. d5 Ne5 15. Ne4 Nxf3+ 16. Bxf3 Qe5 17. Qd2 exd5 18. Qxd5 1/2-1/2

[Event "Collado Villalba op-A 32nd"]
[Site "Collado Villalba"]
[Date "2015.08.23"]
[Round "2"]
[White "Cabrera Jimenez, Julio"]
[Black "Sanz Castillo, Santiago"]
[Result "0-1"]
[WhiteElo "1801"]
[BlackElo "2197"]
[PlyCount "74"]
[EventDate "2015.08.22"]
[EventType "swiss"]
[EventRounds "9"]
[EventCountry "ESP"]
[SourceTitle "EXT 2016"]
[Source "ChessBase"]
[SourceDate "2015.10.08"]
[SourceVersion "1"]
[SourceVersionDate "2015.10.08"]
[SourceQuality "1"]

1. e4 e6 2. d4 d5 3. Nc3 Bb4 4. exd5 exd5 5. Bd3 Nc6 6. Nf3 Bg4 7. Be3 Nf6 8. 0-0 0-0 9. a3 Be7 10. Re1 Re8 11. h3 Bh5 12. Be2 h6 13. Qd2 Bf8 14. Rad1 Ne7 15. g4 Bg6 16. g5 hxg5 17. Bxg5 Ne4 18. Nxe4 Bxe4 19. Nh4 Qd6 20. Bd3 Ng6 21. Bxe4 dxe4 22. Nxg6 Qxg6 23. Kh1 Qf5 24. Qe3 Bd6 25. Rg1 Kh7 26. Rg4 f6 27. Bf4 Bxf4 28. Rxf4 Qe6 29. Re1 f5 30. f3 g5 31. fxe4 gxf4 32. Qxf4 fxe4 33. Re3 Rg8 34. Qh4+ Qh6 35. Qxe4+ Rg6 36. Rg3 Rag8 37. Rg4 Qh5 0-1

[Event "Euskadi-chT (Vasca) Div Honor"]
[Site "Bergara"]
[Date "2015.02.14"]
[Round "6.2"]
[White "Serras Uria, Antonio"]
[Black "Sanz Castillo, Santiago"]
[Result "1-0"]
[WhiteElo "2202"]
[BlackElo "2218"]
[PlyCount "85"]
[EventDate "2015.01.10"]
[EventType "team-tourn"]
[EventRounds "9"]
[EventCountry "ESP"]
[SourceTitle "EXT 2024"]
[Source "ChessBase"]
[SourceDate "2023.10.10"]
[SourceVersion "1"]
[SourceVersionDate "2023.10.10"]
[SourceQuality "1"]

1. Nf3 Nf6 2. g3 g6 3. Bg2 Bg7 4. c4 d6 5. Nc3 0-0 6. 0-0 e5 7. d3 Nbd7 8. Rb1 a5 9. a3 Nh5 10. b4 axb4 11. axb4 h6 12. Qb3 Kh7 13. Rd1 c6 14. d4 f5 15. dxe5 Nxe5 16. Bb2 Be6 17. Nxe5 Bxe5 18. Na4 Bxb2 19. Nxb2 f4 20. Qc3 Qe7 21. Rd2 Rf7 22. Rbd1 fxg3 23. hxg3 d5 24. cxd5 Bxd5 25. e4 Be6 26. Nc4 Bg4 27. Rc1 Qf6 28. Ne5 Be6 29. Nxf7 Qxf7 30. Bf1 Nf6 31. Qd4 Re8 32. b5 cxb5 33. Bxb5 Re7 34. Ra1 Ng4 35. Ra8 Qg7 36. Qxg7+ Kxg7 37. Rb8 Ne5 38. Rb2 Rc7 39. Be2 Rc1+ 40. Kg2 Bc8 41. f4 Nd7 42. Rxc8 Rxc8 43. Rxb7 1-0

[Event "Collado Villalba op-A 19th"]
[Site "Collado Villalba"]
[Date "2002.08.28"]
[Round "6"]
[White "Sanz Castillo, Santiago"]
[Black "Vazquez Igarza, Renier"]
[Result "0-1"]
[WhiteElo "2125"]
[BlackElo "2406"]
[PlyCount "68"]
[EventDate "2002.08.26"]
[EventType "swiss"]
[EventRounds "9"]
[EventCountry "ESP"]
[SourceTitle "EXT 2003"]
[Source "ChessBase"]
[SourceDate "2002.11.25"]
[SourceVersion "1"]
[SourceVersionDate "2002.11.25"]
[SourceQuality "1"]

1. e4 c5 2. Nf3 Nc6 3. d4 cxd4 4. Nxd4 e6 5. Be3 Nf6 6. Bd3 a6 7. 0-0 Qc7 8. Nxc6 bxc6 9. f4 d6 10. c4 c5 11. Nc3 Bb7 12. e5 Nd7 13. Be4 dxe5 14. Qf3 0-0-0 15. fxe5 Nxe5 16. Bxb7+ Qxb7 17. Qh5 f5 18. b4 cxb4 19. Na4 Ng4 20. Bf4 g6 21. Qh4 Qc6 22. h3 h6 23. Qe1 e5 24. hxg4 exf4 25. a3 Bg7 26. Rb1 Bd4+ 27. Kh1 a5 28. Rxf4 Rhe8 29. Qf1 Be3 30. axb4 Bxf4 31. Qxf4 Qxa4 32. Qf3 Re4 33. gxf5 Qc6 34. Qg3 Qf6 0-1

[Event "Medina del Campo op"]
[Site "Medina del Campo"]
[Date "2001.??.??"]
[Round "2"]
[White "Martinez Rodriguez, Pablo"]
[Black "Sanz Castillo, Santiago"]
[Result "1/2-1/2"]
[WhiteElo "2256"]
[BlackElo "2120"]
[PlyCount "30"]
[EventDate "2001.10.30"]
[EventType "swiss"]
[EventRounds "9"]
[EventCountry "ESP"]
[SourceTitle "EXT 2003"]
[Source "ChessBase"]
[SourceDate "2002.11.25"]
[SourceVersion "1"]
[SourceVersionDate "2002.11.25"]
[SourceQuality "1"]

1. d4 d5 2. Nf3 Nf6 3. c4 c6 4. Nc3 dxc4 5. a4 Bf5 6. e3 e6 7. Bxc4 Bb4 8. 0-0 0-0 9. Qe2 Bg4 10. Rd1 Bxc3 11. bxc3 Ne4 12. Bd2 Nd7 13. Qf1 Ndf6 14. Be2 c5 15. h3 Bh5 1/2-1/2

[Event "Medina del Campo op"]
[Site "Medina del Campo"]
[Date "2001.??.??"]
[Round "9"]
[White "Sanz Castillo, Santiago"]
[Black "Ruiz Garcia, Mario"]
[Result "1-0"]
[WhiteElo "2120"]
[BlackElo "2147"]
[PlyCount "57"]
[EventDate "2001.10.30"]
[EventType "swiss"]
[EventRounds "9"]
[EventCountry "ESP"]
[SourceTitle "EXT 2003"]
[Source "ChessBase"]
[SourceDate "2002.11.25"]
[SourceVersion "1"]
[SourceVersionDate "2002.11.25"]
[SourceQuality "1"]

1. e4 c5 2. Nf3 e6 3. d4 cxd4 4. Nxd4 a6 5. Bd3 Bc5 6. Nb3 Be7 7. 0-0 Nc6 8. Nc3 Nf6 9. Be3 Qc7 10. a4 Ne5 11. f4 Neg4 12. Bd4 d6 13. Kh1 e5 14. Bg1 Be6 15. Be2 h5 16. f5 Bc4 17. h3 Rd8 18. Nd5 Nxd5 19. exd5 Nf6 20. Bxc4 Qxc4 21. Na5 Qxd5 22. Qxd5 Nxd5 23. Nxb7 Rb8 24. Nxd6+ Bxd6 25. Rfd1 Rxb2 26. Rxd5 Bb8 27. Bc5 Rh6 28. Rad1 Bc7 29. Rd7 1-0